Online
Catalog

Nueva literatura económica dominicana : (Record no. 47032)

MARC details
000 -CABECERA
campo de control de longitud fija 02563nam a2200337 a 4500
001 - NÚMERO DE CONTROL
campo de control 000047544
003 - IDENTIFICADOR DEL NÚMERO DE CONTROL
campo de control DO-SdBNP
005 - FECHA Y HORA DE LA ÚLTIMA TRANSACCIÓN
campo de control 20231004095102.0
008 - DATOS DE LONGITUD FIJA--INFORMACIÓN GENERAL
campo de control de longitud fija 090630s2008 dr r 000 0 spa d
020 ## - NÚMERO INTERNACIONAL ESTÁNDAR DEL LIBRO
Número Internacional Estándar del Libro 9789945443332
040 ## - FUENTE DE LA CATALOGACIÓN
Centro catalogador/agencia de origen DO-SdBNP
Lengua de catalogación spa
Centro/agencia transcriptor BNPHU
082 ## - NÚMERO DE LA CLASIFICACIÓN DECIMAL DEWEY
Número de clasificación 330.97293
Número de documento/Ítem C744n, 2007
Número de edición 22
111 ## - ENTRADA PRINCIPAL--NOMBRE DE CONGRESO/REUNIÓN
Nombre de congreso/reunión o jurisdicción como elemento de entrada Concurso Biblioteca Juan Pablo Duarte
9 (RLIN) 6999
245 10 - MENCIÓN DE TÍTULO
Título Nueva literatura económica dominicana :
Resto del título premios del Concurso de Economía Biblioteca "Juan Pablo Duarte" 2007 /
Mención de responsabilidad, etc. Frank Alexis Fuentes Brito ... [et al.] ; edición Elvis Soto.
260 ## - PUBLICACIÓN, DISTRIBUCIÓN, ETC.
Lugar de publicación, distribución, etc. Santo Domingo :
Nombre del editor, distribuidor, etc. Banco Central de la República Dominicana,
Fecha de publicación, distribución, etc. 2008.
300 ## - DESCRIPCIÓN FÍSICA
Extensión xiii, 282 p. ;
Dimensiones 23 cm.
490 1# - MENCIÓN DE SERIE
Mención de serie Banco Central de la República Dominicana ;
Designación de volumen o secuencia 108
Mención de serie Nueva literatura económica dominicana ;
Designación de volumen o secuencia 11
500 ## - NOTA GENERAL
Nota general Incluye referencias bibliográficas y notas al pie de las páginas
505 0# - NOTA DE CONTENIDO CON FORMATO
Nota de contenido con formato Palabras del Lic. Valdez Albizu --
Título Palabras de Miguel Ceara-Hatton --
Información miscelánea Primera parte --
Título Impacto económico de la diabetes mellitus en la República Dominicana : Análisis y recomendaciones de políticas públicas /
Mención de responsabilidad Frank alexis Fuentes Brito, Brenda Mercedes Villanueva Rivas --
Información miscelánea Segunda parte :
Título Impacto distributivo del DR-CAFTA : efectos sobre el empleo, el ingreso y la equidad en los sectores industrial y agropecuario en RD. /
Mención de responsabilidad Rafael Capellán , José Manual Michel, Luis Reyes --
Información miscelánea Tercera parte :
Título Riesgos del mercado : valor en riesgo calculado con modelos de volatilidad condicional integrado de forma dinámica con simulación de Monte Carlo /
Mención de responsabilidad Eliel D. Jiménez R.
Información miscelánea Cuarta parte :
Título Desalineamiento cambiario y cresimiento (Primera mensión de honor)/
Mención de responsabilidad José Antonio Pellerano Guzmán
Información miscelánea Quinta parte :
Título Estimación del índice de condiciones monetarias para la República Dominicana/
Mención de responsabilidad Ana Sierra, Edgar Morales
590 ## - NOTA LOCAL (RLIN)
Nota local Inventariado, 2018/ VM
650 #4 - PUNTO DE ACCESO ADICIONAL DE MATERIA--TÉRMINO DE MATERIA
Término de materia o nombre geográfico como elemento de entrada Finanzas
Subdivisión general República dominicana
Subdivisión de forma Congresos, conferencias, etc.
9 (RLIN) 75161
651 #4 - PUNTO DE ACCESO ADICIONAL DE MATERIA--NOMBRE GEOGRÁFICO
Nombre geográfico República Dominicana
Subdivisión general Condiciones económicas
Subdivisión de forma Congresos, conferencias, etc.
9 (RLIN) 7000
651 #4 - PUNTO DE ACCESO ADICIONAL DE MATERIA--NOMBRE GEOGRÁFICO
Nombre geográfico República Dominicana
Subdivisión general Política económica
Subdivisión de forma Congresos, conferencias, etc.
9 (RLIN) 7001
700 1# - PUNTO DE ACCESO ADICIONAL--NOMBRE DE PERSONA
Nombre de persona Fuentes Brito, Frank Alexis
9 (RLIN) 75162
700 1# - PUNTO DE ACCESO ADICIONAL--NOMBRE DE PERSONA
Nombre de persona Soto, Elvis
Término indicativo de función/relación ed.
9 (RLIN) 12338
710 2# - PUNTO DE ACCESO ADICIONAL--NOMBRE DE ENTIDAD CORPORATIVA
Nombre de entidad corporativa o nombre de jurisdicción como elemento de entrada Banco Central de la República Dominicana.
Unidad subordinada Departamento Cultural.
9 (RLIN) 7006
830 #0 - PUNTO DE ACCESO ADICIONAL DE SERIE-TÍTULO UNIFORME
Título uniforme Banco Central de la República Dominicana
Designación de volumen o secuencia 108
Nombre de parte o sección de la obra Nueva literatura económica dominicana
Número de parte o sección de la obra 11
9 (RLIN) 75163
910 ## - DATOS DE OPCIÓN DEL USUARIO (OCLC)
Datos de opción del usuario Validado. Control de calidad MFF
942 ## - ELEMENTOS DE PUNTO DE ACCESO ADICIONAL (KOHA)
Fuente del sistema de clasificación o colocación Dewey Decimal Classification
Tipo de ítem Koha Libro
Holdings
Estado de retiro Estado de pérdida No para préstamo Código de colección Localización permanente Ubicación/localización actual Ubicación en estantería Fecha de adquisición Número de inventario Total de préstamos Signatura topográfica completa Código de barras Fecha visto por última vez Número de copia Precio válido a partir de Tipo de ítem Koha
    Excluido de préstamo Patrimonio Dominicano Patrimonio Dominicano Patrimonio Dominicano Depósito 26.06.2018 LF1   330.97293 C744n, 2007 47544-10 25.06.2020 e. 2 25.06.2020 Libro y Folleto Colección Patrimonio Dominicano
    Excluido de préstamo Patrimonio Dominicano Patrimonio Dominicano Patrimonio Dominicano Depósito 26.06.2018 LF1   330.97293 C744n, 2007 47544-20 25.06.2020   25.06.2020 Libro y Folleto Colección Patrimonio Dominicano

Powered by Koha